| 000 | 01505cam a2200217 4500 | ||
|---|---|---|---|
| 001 | ABS66747 | ||
| 008 | 030522n2003 000 0 eng u | ||
| 035 | _a(Sirsi) u122378 | ||
| 245 | _aInland Revenue Commissioners v John Lewis Properties plc | ||
| 260 | _c2003 | ||
| 490 |
_aWeekly Law Reports _v[2003] 2 WLR 1196-1232(37) |
||
| 520 | _a[2003] EWCA Civ 1869, 20 December 2002. Respondent taxpayer (J) entered into a rent factoring scheme assigning rental income for five years to bank in return for lump sum. A special commissioner's decision that the payment was a capital receipt and not income for corporation tax purposes was upheld by the High Court (ChD 13 June 2001; WB3726-30) dismissing appeal by IRC. The IRC was allowed to appeal to the CA as to whether the payment was a capital and not an income receipt. The CA held that whether a payment was to be regarded as capital or income depended on the nature of the transactions and the factors involved. As the risk of non-payment of rent was transferred by the taxpayer company to the bank, the payment was to be treated as one of capital and not of income. Appeal dismissed. As at 27 May 2003, the Inland Revenue are seeking leave to appeal to HL (see also Abs66561). | ||
| 590 | _aABS | ||
| 650 | _aCORPORATION TAX | ||
| 650 | _aRENT FACTORING SCHEMES | ||
| 650 | _aRENTAL INCOME | ||
| 650 | _aCAPITAL RECEIPTS | ||
| 650 | _aINLAND REVENUE COMMISSIONERS V JOHN LEWIS PROPERTIES LTD | ||
| 690 | _aTAXATION-CASE LAW | ||
| 942 | _n0 | ||
| 999 |
_c72735 _d72735 |
||